[Event "HEM B-Turnier"]
[Site "Frankfurt-Zeilsheim"]
[Date "2018.05.13"]
[Round "7.6"]
[White "John, Volkmar"]
[Black "Zalewski, Ulrich"]
[Result "1/2-1/2"]
[WhiteElo "1777"]
[BlackElo "1788"]
[PlyCount "133"]
[EventDate "2018.??.??"]
[EventType "swiss"]
[EventRounds "7"]
[EventCountry "GER"]
[WhiteTeam "SK Herborn"]
[BlackTeam "Biebertaler SF"]

1. c4 e6 2. Nc3 d5 3. e3 f5 4. Nf3 Nf6 5. b3 Be7 6. Bb2 O-O 7. Be2 c6 8. O-O
Ne4 9. d3 Nxc3 10. Bxc3 Bf6 11. Qc2 Bxc3 12. Qxc3 Qf6 13. Rac1 Qxc3 14. Rxc3
Nd7 15. cxd5 exd5 16. d4 Nf6 17. Ne5 Ne4 18. Rc2 f4 19. Bd3 fxe3 20. fxe3 Rxf1+
21. Kxf1 Nf6 22. b4 Ng4 23. Nxg4 Bxg4 24. Rf2 Re8 25. h3 Rxe3 26. Bxh7+ Kxh7
27. hxg4 Re7 28. Re2 Rf7+ 29. Rf2 Rc7 30. Ke2 Kg6 31. Kf3 Kg5 32. Kg3 Re7 33.
Rf5+ Kg6 34. Rf2 Re3+ 35. Rf3 Re4 36. Rf4 Re1 37. b5 Ra1 38. bxc6 bxc6 39. Rf2
Rc1 40. Kf4 Rc4 41. Ke5 c5 42. Kxd5 Rxd4+ 43. Kxc5 Rxg4 44. Kb5 Re4 45. a4 Re7
46. Rf4 Re6 47. Rc4 Re2 48. g4 Re7 49. Ka6 Kg5 50. Rb4 g6 51. a5 Kh4 52. Rb7
Re5 53. Rxa7 Kxg4 54. Rc7 g5 55. Kb6 Re1 56. a6 Rb1+ 57. Kc6 Rc1+ 58. Kb7 Rb1+
59. Ka8 Kf3 60. a7 g4 61. Rf7+ Kg2 62. Rb7 Ra1 63. Kb8 g3 64. a8=Q Rxa8+ 65.
Kxa8 Kf1 66. Rf7+ Ke2 67. Kb7 1/2-1/2

[Event "HEM B-Turnier"]
[Site "Frankfurt-Zeilsheim"]
[Date "2018.05.13"]
[Round "7.7"]
[White "Wilke, Tabea"]
[Black "Klowski, Bjoern Sigurd"]
[Result "1-0"]
[WhiteElo "1773"]
[BlackElo "1681"]
[PlyCount "91"]
[EventDate "2018.??.??"]
[EventType "swiss"]
[EventRounds "7"]
[EventCountry "GER"]
[WhiteTeam "SC Hattersheim"]
[BlackTeam "SC Eschbon 1974"]

1. e4 e6 2. d3 d5 3. Nd2 Nc6 4. Ngf3 Nf6 5. g3 Bc5 6. Bg2 O-O 7. O-O a5 8. a4
Qe7 9. Nb3 Ba7 10. e5 Nd7 11. d4 f6 12. Bf4 fxe5 13. dxe5 h6 14. Qd3 Qf7 15. h4
Ne7 16. Nbd4 c5 17. Nb5 Bb8 18. Nd6 Bxd6 19. exd6 Ng6 20. Be3 b6 21. b3 e5 22.
Nxe5 Ndxe5 23. Qxd5 Ra7 24. h5 Be6 25. hxg6 Bxd5 26. gxf7+ Bxf7 27. Rad1 Rd7
28. Bh3 Rdd8 29. Kg2 g5 30. f4 gxf4 31. Bxf4 Ng6 32. Bxh6 Rfe8 33. Bg5 Re2+ 34.
Rf2 Rxf2+ 35. Kxf2 Rf8 36. Kg1 Ne5 37. Be7 Re8 38. d7 Nxd7 39. Rxd7 Bg6 40.
Be6+ Bf7 41. Bxf7+ Kxf7 42. Bxc5+ Ke6 43. Rd6+ Ke5 44. Rxb6 Rc8 45. Rb5 Ra8 46.
Bb6+ 1-0

[Event "HEM B-Turnier"]
[Site "Frankfurt-Zeilsheim"]
[Date "2018.05.13"]
[Round "7.8"]
[White "Gruber, Reiner"]
[Black "Rabiya, Karim"]
[Result "1-0"]
[WhiteElo "1644"]
[BlackElo "1643"]
[PlyCount "81"]
[EventDate "2018.??.??"]
[EventType "swiss"]
[EventRounds "7"]
[EventCountry "GER"]
[WhiteTeam "SK Dieburg"]
[BlackTeam "SK Niederbrechen"]

1. Nf3 Nf6 2. g3 d6 3. d4 Nbd7 4. Bg2 e5 5. dxe5 dxe5 6. O-O Bc5 7. c4 Qe7 8.
Nc3 c6 9. a3 a5 10. Qc2 e4 11. Ne1 e3 12. f3 Ne5 13. Ne4 Nxe4 14. Qxe4 f5 15.
Qc2 Be6 16. b3 a4 17. b4 Bd4 18. Rb1 Bxc4 19. f4 Bb3 20. Qxf5 Nc4 21. Nf3 Rf8
22. Qd3 O-O-O 23. Rxb3 axb3 24. Qxc4 b2 25. Bxb2 Bxb2 26. a4 Rf5 27. Bh3 g6 28.
b5 Kc7 29. Bxf5 gxf5 30. Rb1 Qf6 31. Qb3 Bc3 32. bxc6 bxc6 33. Qb6+ Kd6 34.
Qxe3 Kc7 35. Qa7+ Kd6 36. Rd1+ Ke6 37. Ng5+ Qxg5 38. Qe3+ Kf7 39. fxg5 Rxd1+
40. Kg2 Bd4 41. Qb3+ 1-0

[Event "HEM B-Turnier"]
[Site "Frankfurt-Zeilsheim"]
[Date "2018.05.13"]
[Round "7.9"]
[White "Faysal, Wasim"]
[Black "Meyer, Marcel"]
[Result "0-1"]
[WhiteElo "1703"]
[BlackElo "1759"]
[PlyCount "42"]
[EventDate "2018.??.??"]
[EventType "swiss"]
[EventRounds "7"]
[EventCountry "GER"]
[WhiteTeam "Biebertaler SF"]
[BlackTeam "SC Herborn"]

1. e4 c6 2. d4 d5 3. exd5 cxd5 4. Nf3 Nf6 5. Be2 h6 6. O-O Bf5 7. h3 Nc6 8. c4
e6 9. Nc3 Be7 10. a3 O-O 11. c5 Ne4 12. Qb3 b6 13. Qa4 Qc7 14. Bb5 Nb8 15. Ne2
bxc5 16. Bf4 Bd6 17. Bxd6 Qxd6 18. Rac1 a6 19. dxc5 Nxc5 20. Qb4 axb5 21. Rxc5
Na6 0-1

[Event "HEM B-Turnier"]
[Site "Frankfurt-Zeilsheim"]
[Date "2018.05.13"]
[Round "7.10"]
[White "Zerhusen, Martin"]
[Black "Muenstermann, Matthias"]
[Result "0-1"]
[WhiteElo "1744"]
[BlackElo "1891"]
[PlyCount "112"]
[EventDate "2018.??.??"]
[EventType "swiss"]
[EventRounds "7"]
[EventCountry "GER"]
[WhiteTeam "SV Oberursel"]
[BlackTeam "SK Langen"]

1. d4 Nf6 2. c4 g6 3. Nc3 d5 4. e3 Bg7 5. Nf3 O-O 6. b4 Bg4 7. h3 Bc8 8. Qb3 c6
9. Bb2 dxc4 10. Bxc4 Nbd7 11. Rc1 Nb6 12. Be2 Be6 13. Qc2 Nbd5 14. a3 Nxc3 15.
Bxc3 Nd5 16. O-O Nxc3 17. Qxc3 Bf5 18. Qc5 Qd6 19. b5 Qxc5 20. Rxc5 cxb5 21.
Bxb5 Rac8 22. Rfc1 Rxc5 23. Rxc5 Rc8 24. Rxc8+ Bxc8 25. Bc4 h6 26. Kf1 a6 27.
Ke2 Kf8 28. Kd3 Ke8 29. Kc3 e6 30. Kb3 Kd7 31. Nd2 b5 32. Be2 Bb7 33. Bf3 Bxf3
34. Nxf3 Kc6 35. Kb4 Bf8+ 36. Kb3 Bg7 37. Kb4 Kb6 38. Nd2 Bf8+ 39. Kb3 Be7 40.
Ne4 Kc6 41. Nc3 a5 42. f3 Bxa3 43. e4 Be7 44. d5+ exd5 45. Nxd5 a4+ 46. Kc3 Bd6
47. Ne3 Kc5 48. Nd5 Be5+ 49. Kc2 a3 50. Kb3 Bb2 51. Nc7 Kd4 52. Nxb5+ Ke3 53.
Nxa3 Bxa3 54. Kxa3 Kf2 55. Kb4 Kxg2 56. f4 Kxh3 0-1

[Event "HEM B-Turnier"]
[Site "Frankfurt-Zeilsheim"]
[Date "2018.05.13"]
[Round "7.11"]
[White "Lopez, Victor"]
[Black "Schmitt, Clemens"]
[Result "0-1"]
[WhiteElo "1689"]
[BlackElo "1712"]
[PlyCount "56"]
[EventDate "2018.??.??"]
[EventType "swiss"]
[EventRounds "7"]
[EventCountry "GER"]
[WhiteTeam "SC Höchst"]
[BlackTeam "SV Bergwinkel"]

1. e4 e6 2. d4 d5 3. exd5 exd5 4. Bd3 c5 5. dxc5 Bxc5 6. Nf3 Nc6 7. c3 Nf6 8.
Bg5 O-O 9. O-O Bg4 10. Nbd2 Ne5 11. Be2 Ng6 12. h3 Bf5 13. Nb3 Bb6 14. Bd3 Be4
15. Bc2 h6 16. Be3 Bc7 17. Bxe4 Nxe4 18. Nc5 b6 19. Nxe4 dxe4 20. Qxd8 Raxd8
21. Nd4 Ne5 22. b3 Bb8 23. f3 exf3 24. Nxf3 Nxf3+ 25. Rxf3 Rd3 26. Rc1 f5 27.
Kf2 f4 28. Ke2 Rxe3+ 0-1

[Event "HEM B-Turnier"]
[Site "Frankfurt-Zeilsheim"]
[Date "2018.05.13"]
[Round "7.12"]
[White "Wachsmann, Elmar"]
[Black "Ross, Norbert"]
[Result "1-0"]
[WhiteElo "1618"]
[BlackElo "1804"]
[PlyCount "113"]
[EventDate "2018.??.??"]
[EventType "swiss"]
[EventRounds "7"]
[EventCountry "GER"]
[WhiteTeam "SC Groß-Umstadt"]
[BlackTeam "SV Oberursel"]

1. d4 d5 2. Nf3 Nf6 3. c4 c6 4. e3 Bf5 5. Nc3 e6 6. Bd3 Bxd3 7. Qxd3 Nbd7 8.
O-O Be7 9. e4 dxe4 10. Nxe4 Nc5 11. Nxc5 Bxc5 12. Qe3 Be7 13. Qe2 h6 14. a3 a5
15. b3 Qb6 16. Bb2 O-O 17. Qc2 Rac8 18. Rad1 Rfd8 19. Rfe1 Nd7 20. Ne5 Nxe5 21.
dxe5 Bc5 22. Bc1 Rxd1 23. Rxd1 Rd8 24. Rxd8+ Qxd8 25. Qd2 Qxd2 26. Bxd2 Bxa3
27. Bxa5 Kf8 28. g4 Bc5 29. Kg2 Ke8 30. Bc3 g6 31. h3 Be7 32. Kf3 Kd7 33. Ke4
Bh4 34. f3 Bf2 35. Bd4 Bxd4 36. Kxd4 b6 37. h4 c5+ 38. Ke4 Ke7 39. f4 h5 40.
gxh5 gxh5 41. f5 f6 42. fxe6 Kxe6 43. exf6 Kxf6 44. Kf4 Kg6 45. Ke5 Kf7 46. Kd5
Kf6 47. Kc6 Kf5 48. Kxb6 Kg4 49. Kxc5 Kxh4 50. Kd4 Kg3 51. c5 h4 52. c6 h3 53.
c7 h2 54. c8=Q h1=Q 55. Qc7+ Kg4 56. Qg7+ Kf5 57. Qe5+ 1-0

[Event "HEM B-Turnier"]
[Site "Frankfurt-Zeilsheim"]
[Date "2018.05.13"]
[Round "7.13"]
[White "Weber, Andreas"]
[Black "Hoelss, Manuel"]
[Result "1-0"]
[WhiteElo "1718"]
[BlackElo "1757"]
[PlyCount "55"]
[EventDate "2018.??.??"]
[EventType "swiss"]
[EventRounds "7"]
[EventCountry "GER"]
[WhiteTeam "SC Flörsheim"]
[BlackTeam "SSG Hungen-Lich"]

1. Nf3 f5 2. d3 Nf6 3. e4 fxe4 4. dxe4 Nxe4 5. Bd3 Nf6 6. Ng5 e5 7. Nxh7 Rxh7
8. Bxh7 d6 9. Bg6+ Ke7 10. Bg5 Be6 11. Nc3 c6 12. O-O Kd7 13. Re1 Qa5 14. Bxf6
gxf6 15. Qh5 Na6 16. Bf5 Nc7 17. Ne4 Be7 18. Rad1 d5 19. Nxf6+ Bxf6 20. Qf7+
Be7 21. Bxe6+ Nxe6 22. Rxe5 Re8 23. Qxe6+ Kd8 24. Rde1 Qxa2 25. Qf7 Qxb2 26.
Rxe7 Rxe7 27. Qxe7+ Kc8 28. Qf7 1-0

[Event "HEM B-Turnier"]
[Site "Frankfurt-Zeilsheim"]
[Date "2018.05.13"]
[Round "7.14"]
[White "Krist, Stephan"]
[Black "Will, Steffen"]
[Result "1/2-1/2"]
[WhiteElo "1620"]
[BlackElo "1723"]
[PlyCount "55"]
[EventDate "2018.??.??"]
[EventType "swiss"]
[EventRounds "7"]
[EventCountry "GER"]
[WhiteTeam "SVG Lauterbach"]
[BlackTeam "SC Bad Nauheim"]

1. e4 c5 2. Nf3 d6 3. d4 cxd4 4. Nxd4 Nc6 5. Be2 g6 6. Be3 Bg7 7. Nc3 Nf6 8.
O-O O-O 9. Qd2 Bd7 10. f4 e6 11. Ndb5 d5 12. exd5 exd5 13. Rad1 d4 14. Nxd4
Nxd4 15. Bxd4 Bf5 16. Bf3 Qc7 17. Be3 Rad8 18. Qf2 b6 19. h3 Rfe8 20. Rd2 Bf8
21. Rfd1 Rxd2 22. Qxd2 Bb4 23. Kh1 Bxc2 24. Bxb6 axb6 25. Qxc2 Qxf4 26. Qa4 Bd6
27. Qxf4 Bxf4 28. Kg1 1/2-1/2

[Event "HEM B-Turnier"]
[Site "Frankfurt-Zeilsheim"]
[Date "2018.05.13"]
[Round "7.15"]
[White "Masoudi, Kian"]
[Black "Mohr, Justus"]
[Result "0-1"]
[WhiteElo "1584"]
[BlackElo "1641"]
[PlyCount "56"]
[EventDate "2018.??.??"]
[EventType "swiss"]
[EventRounds "7"]
[EventCountry "GER"]
[WhiteTeam "SC Bergen-Enkheim"]
[BlackTeam "SC FK Babenhausen"]

1. e4 e5 2. Nf3 Bc5 3. Nc3 Nc6 4. Bb5 d6 5. h3 Bd7 6. O-O Nge7 7. d3 O-O 8. Bg5
f6 9. Be3 Bb6 10. Bxb6 axb6 11. Qd2 Be6 12. d4 exd4 13. Nxd4 Nxd4 14. Qxd4 f5
15. Rae1 c6 16. Bd3 f4 17. f3 c5 18. Qf2 Nc6 19. a3 Ne5 20. Rd1 Rf6 21. Ne2 Qe7
22. Qh4 Ng6 23. Qf2 Ne5 24. Qh4 h6 25. Nxf4 g5 26. Qg3 Rxf4 27. Qh2 Nxd3 28.
Rxd3 Bc4 0-1

[Event "HEM B-Turnier"]
[Site "Frankfurt-Zeilsheim"]
[Date "2018.05.13"]
[Round "7.16"]
[White "Graef, Jakob"]
[Black "Vollbrecht, Christoph"]
[Result "0-1"]
[WhiteElo "1468"]
[BlackElo "1879"]
[PlyCount "120"]
[EventDate "2018.??.??"]
[EventType "swiss"]
[EventRounds "7"]
[EventCountry "GER"]
[WhiteTeam "SV Frankfurt Nord"]
[BlackTeam "SSG Rödermark/Eppertshausen"]

1. e4 e5 2. Nf3 Nc6 3. Bc4 Nf6 4. d3 Be7 5. O-O O-O 6. c3 d6 7. Bg5 Bg4 8. Nbd2
h6 9. Bh4 Qd7 10. h3 Be6 11. Qe2 Bxc4 12. Nxc4 Rfe8 13. Rfe1 Nh7 14. Bg3 Bf6
15. Ne3 Re6 16. Nf5 Rae8 17. Bh4 Nf8 18. Bxf6 Rxf6 19. N3h4 Kh7 20. Qh5 Ne6 21.
Re3 Nf4 22. Qg4 Ne6 23. Rg3 Rg8 24. d4 exd4 25. cxd4 Ncxd4 26. Nxd4 Rf4 27. Qd1
Rxh4 28. Nf3 Rf4 29. Qd3 Nc5 30. Qd1 Nxe4 31. Ng5+ Kh8 32. Nxe4 Rxe4 33. Qf3
Qe6 34. Qc3 c6 35. Rf3 d5 36. Rd1 Re8 37. Rg3 Qe5 38. Qf3 Re1+ 39. Rxe1 Qxe1+
40. Kh2 Qe6 41. Qc3 Qe5 42. Qf3 Kg8 43. Qb3 b6 44. Qa4 Qc7 45. Qd4 Qe5 46. Qa4
Re6 47. Qxa7 Qxb2 48. Rf3 Rf6 49. Rxf6 Qxf6 50. Qxb6 d4 51. a4 Qd6+ 52. g3 d3
53. a5 d2 54. a6 d1=Q 55. a7 Q6d5 56. a8=Q+ Kh7 57. Qb1+ Qxb1 58. g4 Qbh1+ 59.
Kg3 Qd3+ 60. Kh4 Qhxh3# 0-1

[Event "HEM B-Turnier"]
[Site "Frankfurt-Zeilsheim"]
[Date "2018.05.13"]
[Round "7.17"]
[White "Strache, Rolf"]
[Black "Baitinger, Viktor"]
[Result "0-1"]
[WhiteElo "1558"]
[BlackElo "1646"]
[PlyCount "102"]
[EventDate "2018.??.??"]
[EventType "swiss"]
[EventRounds "7"]
[EventCountry "GER"]
[WhiteTeam "SK Herborn"]
[BlackTeam "SF Anderssen Wetzlar"]

1. d4 e6 2. c4 Nf6 3. Nc3 d5 4. Bg5 Bb4 5. e3 Nbd7 6. Nf3 c5 7. a3 Bxc3+ 8.
bxc3 Qa5 9. Qb3 Ne4 10. Rc1 cxd4 11. exd4 Nxg5 12. Nxg5 dxc4 13. Bxc4 Qxg5 14.
O-O O-O 15. Rfe1 Nb6 16. Bd3 Bd7 17. Qc2 h6 18. Re3 Bc6 19. Rg3 Qf6 20. Re1 Kh8
21. Re5 Rac8 22. Qd2 Bd5 23. Rh3 Bc4 24. Bc2 Nd5 25. Rf3 Qe7 26. Rh3 f5 27. Rh5
Rf6 28. Bxf5 Qxa3 29. Bxe6 Re8 30. Bxd5 Rxe5 31. Rxe5 Bxd5 32. Re8+ Kh7 33.
Qd3+ g6 34. h4 Qc1+ 35. Kh2 Qf4+ 36. Qg3 Qxg3+ 37. Kxg3 a5 38. Re5 Rd6 39. Re7+
Kg8 40. Re8+ Kf7 41. Ra8 Ra6 42. Rc8 b5 43. Kf4 a4 44. Rb8 a3 45. Ke5 Bxg2 46.
d5 a2 47. Rb7+ Ke8 48. Rb8+ Kd7 49. Rb7+ Kc8 50. Rh7 a1=Q 51. Rh8+ Kb7 0-1

[Event "HEM B-Turnier"]
[Site "Frankfurt-Zeilsheim"]
[Date "2018.05.13"]
[Round "7.18"]
[White "Haftmann, Rainer"]
[Black "Policarpo, Raphael"]
[Result "1/2-1/2"]
[WhiteElo "1766"]
[BlackElo "1640"]
[PlyCount "180"]
[EventDate "2018.??.??"]
[EventType "swiss"]
[EventRounds "7"]
[EventCountry "GER"]
[WhiteTeam "SG Dietzenbach"]
[BlackTeam "SC Heusenstamm"]

1. e4 c5 2. Nf3 Nc6 3. d4 cxd4 4. Nxd4 e5 5. Nb5 d6 6. c4 a6 7. N5c3 Nf6 8. Bg5
Be7 9. Be2 O-O 10. O-O Be6 11. Bxf6 Bxf6 12. Nd5 Bxd5 13. cxd5 Nd4 14. Nc3 Bg5
15. Bg4 f5 16. exf5 Nxf5 17. Qd3 Nd4 18. Ne2 Nxe2+ 19. Qxe2 Qb6 20. Be6+ Kh8
21. Rad1 Rf6 22. Rd3 Raf8 23. Rb3 Qc5 24. Rc3 Qd4 25. Qc2 Be3 26. Rc8 Rxf2 27.
Rxf2 Bxf2+ 28. Kh1 Qf4 29. Rxf8+ Qxf8 30. Qc8 Qxc8 31. Bxc8 Bd4 32. b3 a5 33.
Bxb7 Kg8 34. g4 Kf7 35. Kg2 Kg6 36. h4 h6 37. Bc8 Bc3 38. Kf3 Be1 39. Bf5+ Kf6
40. h5 Bb4 41. Be6 Bc5 42. Ke4 Bd4 43. Kd3 Ke7 44. Kc4 Kd8 45. b4 axb4 46. Kxb4
Kc7 47. Kb5 Kb7 48. Bf5 Bc5 49. Bd3 Bd4 50. a4 Bc5 51. a5 Bd4 52. a6+ Kc7 53.
Bf5 Bc5 54. Bg6 Bd4 55. Be8 Bf2 56. Bc6 Bd4 57. Bb7 Bc5 58. Kc4 Bd4 59. Kd3 Kd7
60. Ke4 Ke7 61. Kf5 Bc5 62. Bc6 Bd4 63. Bb5 Bc5 64. Bd3 Be3 65. Be4 Kf7 66. Bd3
Ke7 67. Kg6 Kf8 68. Bf5 Bd4 69. g5 hxg5 70. Kxg5 Bc5 71. Bg4 Bd4 72. Kf5 Ke7
73. Kg6 Kf8 74. h6 gxh6 75. Kxh6 Ke7 76. Kg6 Bc5 77. Kf5 Bd4 78. Ke4 Kd8 79.
Be2 Bc5 80. Kf5 Ke7 81. Bb5 Bd4 82. Be2 Bc5 83. Ke4 Kd8 84. Bg4 Bd4 85. Kd3 Kc7
86. Be2 Bc5 87. Ke4 Kd7 88. Kf5 Ke7 89. Kg6 Bd4 90. Bd3 Bc5 1/2-1/2

[Event "HEM B-Turnier"]
[Site "Frankfurt-Zeilsheim"]
[Date "2018.05.13"]
[Round "7.19"]
[White "Menz, Florian"]
[Black "Traut, Stefan"]
[Result "1/2-1/2"]
[WhiteElo "1457"]
[BlackElo "1661"]
[PlyCount "31"]
[EventDate "2018.??.??"]
[EventType "swiss"]
[EventRounds "7"]
[EventCountry "GER"]
[WhiteTeam "SC Ehrenberg"]
[BlackTeam "SF Heusenstamm"]

1. e4 d5 2. exd5 Qxd5 3. Nc3 Qa5 4. b3 g6 5. Bb2 Bg7 6. Bc4 c6 7. a4 Nh6 8. Nf3
Bg4 9. h3 Bxf3 10. Qxf3 Nd7 11. Qe2 Qe5 12. O-O Qxe2 13. Bxe2 O-O 14. Ba3 Rfe8
15. Rae1 Rad8 16. Bd1 1/2-1/2

[Event "HEM B-Turnier"]
[Site "Frankfurt-Zeilsheim"]
[Date "2018.05.13"]
[Round "7.20"]
[White "Azizov, Fariz"]
[Black "Eckert, Michael"]
[Result "1/2-1/2"]
[WhiteElo "1593"]
[BlackElo "1649"]
[PlyCount "72"]
[EventDate "2018.??.??"]
[EventType "swiss"]
[EventRounds "7"]
[EventCountry "GER"]
[WhiteTeam "Kasseler SK"]
[BlackTeam "C4 Chess Club"]

1. d4 d5 2. c4 e6 3. Nf3 Bd6 4. e3 b6 5. Nc3 Bb7 6. Be2 Ne7 7. O-O O-O 8. b3 c5
9. Bb2 Nbc6 10. a3 a6 11. Qc2 cxd4 12. exd4 Qc7 13. Rac1 Rac8 14. cxd5 Nxd5 15.
Nxd5 exd5 16. Bd3 h6 17. Qb1 Bf4 18. Rc3 Qb8 19. g3 Bd6 20. Bh7+ Kh8 21. Bf5
Rc7 22. Re3 Ne7 23. Bd3 Bc8 24. Kg2 f5 25. Nh4 g5 26. Rxe7 gxh4 27. Rxc7 Qxc7
28. f4 hxg3 29. hxg3 Rg8 30. Kf3 Qg7 31. Rg1 Qg4+ 32. Kf2 Qh3 33. Qf1 Qxf1+ 34.
Rxf1 Rg7 35. Re1 Re7 36. Rh1 Kg7 1/2-1/2